000 01183nam a22002057a 4500
999 _c62051
_d62051
003 Ge_BSU
005 20240627154605.0
008 240627s1957 ge ||||| |||| 00| 0 geo d
041 _ageo
080 _a612.11 რ-76
100 _aროინიშვილი, ვ.
_922614
245 _aსისხლის პლაზმის პროთეინების რაოდენობრივი ცვლილებების შესწავლისათვის ზოგიერთი შინაგანი სნეულებით დაავადებულთა შორის /
_cვ. როინიშვილი; რედ. ი. ჯავახიშვილი.
264 _aთბილისი :
_bსაქმედგამი,
_c1957.
300 _a51 გვ. ;
_b21 სმ.
490 _aექიმის ბიბლიოთეკა
653 _aპროთეინების ცვლილებები სისხლის პლაზმაში
653 _aმედიცინა
700 _aჯავახიშვილი, ი.
_eრედაქტორი
_922615
942 _2udc
_cᲬᲘᲒᲜᲘ